000 01062 a2200205 4500
001 41299
005 20260407155706.0
008 260407a1968 arg spa d
003 AR-UNSa-BCEJYS
040 _aAR-UNSa-BCEJYS
_bspa
_cAR-UNSa-BCEJYS
080 _a347.91
_xProcedimientos civiles particulares (Derecho Procesal Civil)
245 1 0 _aDerecho procesal civil, comercial y laboral
264 1 _aBuenos Aires :
_bEDIAR
_c1968
300 _a11 v.
_c23 cm.
505 _aVol I: Tratado de la competencia - Vol II: Tratado de los actos procesales - Vol. III: Tratado de la tercería - Vol. IV: Tratado de las medidas cautelares - Vol V: Tratado de los recursos - Vol. VI: Tratado del proceso ordinario y de las pruebas - Vol VII: Tratado de las ejecuciones - Vol VIII: Tratado de los procesos atípicos - Vol. IX: Tratado de los procesos universales - Vol. X: Tratado de los procesos sumario y sumarísimo - Vol XI: Tratado del proceso laboral
041 _aspa
942 _cBK
590 _aniveau_biblio:m niveau_hierar:0
100 1 _aPodetti, J. Ramiro
999 _c3444
_d3444